000 00753nam a2200205 a 4500
005 20240924070954.0
008 991125s1967 mx 000 0 spa u
035 _aUPN01000025681
049 _aCG
050 4 _aHM271
_bS2.38
100 1 _aSandifer, Durward V.
245 1 0 _aFundamentos de la libertad :
_brelaciones entre la democracia y los derechos humanos /
_cpor Durward V. Sandifer y L. Ronald Scheman ; pról. José A. Mora ; tr. Manuel Ortuño.
260 _aMéxico :
_bUTEHA,
_c1967.
300 _a165 p.
440 0 _aManuales UTEHA ;
_v346.
_pSección 14.
_pCiencias sociales
650 2 _aDerechos civiles
_xInterpretación y construcción
_97718
650 7 _aLibertad
_2
_95326
700 1 _aScheman, L. Ronald,
_ecoaut.
905 _aLibro
999 _c25681
_d25681